000 00590nam a2200157 4500
999 _c17111
_d17111
008 220602b ||||| |||| 00| 0 eng d
022 _a0732-8435
082 _aDPer 657.05 C33 Sept - Dec 2012, v. 82 n. 9 - 12
100 _aHopson, James F.
_945343
245 _a2012 year-end gift planning:
_btechniques available to taxpayers and potential IRS problems/
_cJames F. Hopson.
260 _aNew York:
_bThe New York State Society of CPA,
_c©2012.
300 _av82 n12, page 59-61:
_b illustrations:
_c28 cm.
500 _aThe CPA Journal.
650 _aTaxation.
_945476
942 _2ddc
_cPER